Biggest City by River - Statistics

General Stats
  • This quiz has been taken 52,893 times
    48,319 since last reset
  • The average score is 11 of 21
Answer Stats
River City % Correct
Nile Cairo
97%
Thames London
93%
Seine Paris
90%
Yangtze Shanghai
72%
Danube Budapest / Vienna
69%
Missouri St. Louis / Kansas City
67%
Tigris Baghdad
65%
Tiber Rome
63%
Congo Kinshasa
56%
Río de la Plata Buenos Aires
54%
St. Lawrence Montreal
52%
Dnieper Kyiv
45%
Ohio Pittsburgh / Cincinatti
42%
Mississippi Minneapolis
36%
Neva St. Petersburg
35%
Vistula Warsaw
35%
Rio Grande Juarez / El Paso
27%
Columbia Portland
25%
Loire Nantes
22%
Han Seoul / Wuhan
22%
Indus Hyderabad
12%
No matching quizzes found
Score Distribution
Percent of People with Each Score
Percentile by Number Answered
Your Score History
You have not taken this quiz since the last reset